Gray hat hacking:/ Allen Harper "[and others] (Record no. 217052)

MARC details
000 -LEADER
fixed length control field 00496nam a22001577a 4500
008 - FIXED-LENGTH DATA ELEMENTS--GENERAL INFORMATION
fixed length control field 260427b |||||||| |||| 00| 0 eng d
022 ## - INTERNATIONAL STANDARD SERIAL NUMBER
International Standard Serial Number 978-93-90385-29-4
050 ## - LIBRARY OF CONGRESS CALL NUMBER
Classification number QA76.9 .A25 G73 2018 C4
100 ## - MAIN ENTRY--PERSONAL NAME
Personal name Harper, Allen.
245 ## - TITLE STATEMENT
Title Gray hat hacking:/ Allen Harper "[and others]
Remainder of title The ethical hacker's handbook
250 ## - EDITION STATEMENT
Edition statement 5th Ed.
260 ## - PUBLICATION, DISTRIBUTION, ETC.
Place of publication, distribution, etc. Haryana
Name of publisher, distributor, etc. McGraw
Date of publication, distribution, etc. 2018
300 ## - PHYSICAL DESCRIPTION
Extent xxxi, 602p. includes bibliographic references and index
942 ## - ADDED ENTRY ELEMENTS (KOHA)
Source of classification or shelving scheme Library of Congress Classification
Koha item type Long Loan Book
Holdings
Withdrawn status Lost status Source of classification or shelving scheme Damaged status Not for loan Collection Home library Current library Shelving location Date acquired Inventory number Total checkouts Barcode Date last seen Copy number Price effective from Koha item type Full call number
    Library of Congress Classification     Science & Technology Kisii University Library Kisii University Library On Display 04/04/2026 113221   A001316 04/27/2026 4 04/27/2026 Long Loan Book  
    Library of Congress Classification     Science & Technology Kisii University Library Kisii University Library On Display 04/27/2026 113220   a001318 04/27/2026 3 04/27/2026 Long Loan Book QA76.9 .A25 G73 2018
    Library of Congress Classification     Science & Technology Kisii University Library Kisii University Library   04/27/2026 113219   a001320 04/27/2026 2 04/27/2026 Long Loan Book QA76.9 .A25 G73 2018
    Library of Congress Classification     Science & Technology Kisii University Library Kisii University Library   04/27/2026 113218   a001322 04/27/2026 1 04/27/2026 Long Loan Book QA76.9 .A25 G73 2018